000 01195cam a22003377a 4500
003 CHAP
005 20220329135215.0
008 971013s1970 r 00010 d
010 _a32618
011 _a33590
035 _a37706
040 _cCHAP
082 _a333.09723
_bM3
100 0 0 _aMaturana Medina, Sergio.
_973105
245 1 4 _aLas comunidades de la meseta tarasca
_b: un estudio socioecoómico
260 _aMéxico, D.F. :
_bCentro de Investigaciones Agrarias,
_c1970
300 _a124 p.
_b; mapas
590 _aBATCH-UPD
_b10
_c20130110
_lUCH01
_h1716
590 _aBATCH-UPD
_b10
_c20130410
_lUCH01
_h1101
590 _aBATCH-UPD
_b10
_c20130914
_lUCH01
_h0827
590 _aCONVERSION
_b10
_c20130109
_lUCH01
_h1318
650 1 4 _aAgricultura
_xAspectos economicos
_xMichoacan.
_91269
650 1 4 _aCampesinado
_xMichoacán.
_918024
650 1 4 _aEjidos
_xMichoacán.
_936018
650 1 4 _aTierras
_xTenencia
_xMichoacán.
_9113180
700 0 _aSánchez Cortés, José.
_9107437
901 _aBK
942 _cLIBRO
949 _a333.09723 M3
_bBC
_cLIBRO
_d33724000328043
_eLIBRO
_fc.2
_h45395
_i37706
_mD
_si
949 _a333.09723 M3
_bBC
_cLIBRO
_d33724000328332
_eLIBRO
_h28531
_i37706
_mD
_si
999 _c32618
_d32618